02861nab a22005777a 4500003000900000022001300009040001800022041001300040044000700053110006800060245005900128260003000187300004400217505002000261505003700281505008500318505008000403505003600483505008100519505002600600505004800626505004300674505001300717505006600730505009100796505004700887505008400934505007701018505003901095505004701134505004001181505008701221505006801308505001901376505005701395505009301452505006801545505008001613505003701693505005201730505005101782505005101833505007201884505006101956505001602017505006102033650001702094650001202111773013402123856002602257AR-RoUNA a03282384 aAR-RoUNAbspa aspahspa aag aSecretaria de Ciencia y Técnica.bBoletín de la Secretaria  aCiencia y TecnicahNº 2bBoletín de la Secretaría aBuenos Aires :bUP,c1994 a53. p. :bplantasbfot. byn.c26x 20 cm tPANORAMA . p. 3 tDISCURSO DEL DR.MANUEL SADOSKY.  aEn la inauguraciòn del 2ª Congreso de Infomàtica y Teleinformàtica. p. 6 aComisiòn Nacional para el retorno de los argentinos en el exterior. p. 8 aCentenario de la Ley 1420. p. 8 aReuniòn de camaraderìa en la Secretarìa de Ciencia y Tècnica. p. 9 tPROGRAMAS NACIONALES. aPrograma Nacional de Biotecnologìa. p. 10 aVisita del Dr. Cèsar Milstein. p. 11 tCONICET. aCreaciòn del àrea de transferencia de Tecnologìa. p. 14 aReuniòn Anual de la Asociaciòn Americana para el Progreso de la Ciencias. p. 15 aEl patrimonio cientìfico argentino. p.16 aDictamen de la Fiscalìa. ,Modificaciòn de la normativa para subsidios. p.18 aInstitutos de Investigaciones Bioquìmicas "Fundaciòn Campomar".p. 19 tCOORDINACIÒN Y PLANIFICACIÒN.  aIntegraciòn de Comitès Asesores. p. 21 aCoordinaciòn Interregional. p. 23 aIII Reuniòn de Intercambio Tecnològico en Zonas Áridas y Semiàridas. p. 26 aCentro de Estudios para la Integraciòn Latinoamericana. p. 29 tINFORMÀTICA. aSubsecretarìa de Informàtica y Desarrollo. p. 30 aTransferencia de funciones de Planeamiento a la Subsecretarìa de Informàtica. p. 30 aProgramas de Informàtica para la Ciencia y la Cultura. p. 31 aRed Cientìfica y Tecnològica Nacional de Procesamientos de Datos. p. 31 aNoticias de Informàtica. p. 33 tACTIVIDADES DE COOPERACION INTERNACIONAL. p. 35 tCURSOS, BECAS Y REUNIONES CIENTÌFICAS. p. 40 a1er.Congreso Argentino de Inmunologìa. p. 46 tNUEVAS PUBLICACIONES DE LA SECRETARIA DE CIENCIA Y TÈCNICA. p. 49 aReapariciòn de la revista "Ciencia y Tècnica". p. 52 tDOCUMENTOS. aJosè Babini: Sobre el llamado "milagro griego". p. 53 aArquitectura aCiencia0 aBoletín de la Secretaría: Ciencia y TécnicadBuenos Aires, Aller Atucha y Asociados. 1988gnro.2 (jun-1984), 58.px03265773 uwww.secyt.unlu.edu.ar